[Event "10th Chennai Open 2018"]
[Site "Chennai IND"]
[Date "2018.01.20"]
[Round "4.5"]
[White "Llaneza Vega, Marcos"]
[Black "Tran, Tuan Minh"]
[Result "1-0"]
[WhiteTitle "IM"]
[BlackTitle "GM"]
[WhiteElo "2421"]
[BlackElo "2548"]
[WhiteFideId "2253585"]
[BlackFideId "12401820"]
[EventDate "2018.01.18"]

1. e4 c5 2. Nc3 d6 3. g3 g6 4. Bg2 Bg7 5. d3 Nc6 6. Be3 Rb8 7. Qd2 b5 8. a3 a5
9. Nge2 Nd4 10. O-O b4 11. axb4 axb4 12. Nd1 b3 13. Bxd4 cxd4 14. c3 dxc3 15.
Ndxc3 Nf6 16. Ra3 Qb6 17. Rfa1 O-O 18. Nc1 Be6 19. Ra6 Qd8 20. d4 Bc4 21. R6a4
d5 22. e5 Nd7 23. Nd3 e6 24. Nf4 Qc7 25. h4 Nb6 26. Ra7 Rb7 27. R7a5 Re8 28. Nd1
Qd7 29. Ne3 Bb5 30. h5 Nc4 31. Nxc4 Bxc4 32. hxg6 hxg6 33. Bh3 Qc6 34. Bg4 Bf8
35. Qe3 Qb6 36. Kg2 Rbb8 37. Nh3 Be7 38. Ra7 Rb7 39. Rxb7 Qxb7 40. Rh1 Qb4 41.
Bxe6 fxe6 42. Qh6 Bd3 43. Ng5 1-0

[Event "10th Chennai Open 2018"]
[Site "Chennai IND"]
[Date "2018.01.20"]
[Round "4.6"]
[White "Hafiz, Arif Abdul"]
[Black "Horvath, Adam1"]
[Result "1-0"]
[WhiteTitle "FM"]
[BlackTitle "GM"]
[WhiteElo "2324"]
[BlackElo "2484"]
[WhiteFideId "7104227"]
[BlackFideId "708003"]
[EventDate "2018.01.18"]

1. d4 Nf6 2. Bg5 e6 3. e4 h6 4. Bxf6 Qxf6 5. Nf3 d6 6. Nc3 Nd7 7. Qd2 Qd8 8.
O-O-O Be7 9. h4 a6 10. g4 b5 11. Bg2 Bb7 12. Qf4 c5 13. dxc5 Nxc5 14. e5 d5 15.
g5 b4 16. Ne2 a5 17. gxh6 gxh6 18. Nfd4 a4 19. Bf3 b3 20. cxb3 axb3 21. a3 Ba6
22. Bh5 Rf8 23. Rh3 Ra7 24. Kb1 Qa8 25. Qxh6 Bc4 26. Nc1 Ra6 27. Rf3 Qa7 28.
Bxf7+ Rxf7 29. Rxf7 Kxf7 30. Qh5+ Kf8 31. Rg1 1-0

[Event "10th Chennai Open 2018"]
[Site "Chennai IND"]
[Date "2018.01.20"]
[Round "4.7"]
[White "Karthik, Venkataraman"]
[Black "Gajwa, Ankit"]
[Result "1-0"]
[WhiteTitle "FM"]
[BlackTitle "FM"]
[WhiteElo "2476"]
[BlackElo "2284"]
[WhiteFideId "25006479"]
[BlackFideId "5077834"]
[EventDate "2018.01.18"]

1. e4 e5 2. Nf3 Nc6 3. Bb5 a6 4. Ba4 Nf6 5. O-O Be7 6. Re1 b5 7. Bb3 d6 8. c3
O-O 9. h3 Bb7 10. d4 Nd7 11. Nbd2 exd4 12. cxd4 Bf6 13. Nf1 Na5 14. Bc2 Re8 15.
Rb1 c5 16. d5 Nc4 17. b3 Nce5 18. N3h2 Ng6 19. Ng4 Bc3 20. Re3 b4 21. Rxc3 bxc3
22. f4 Bc8 23. Qf3 Nf6 24. Nf2 a5 25. g4 h6 26. a4 Rb8 27. Qxc3 Rb4 28. Ng3 c4
29. bxc4 Qb6 30. Rxb4 axb4 31. Qe3 Qxe3 32. Bxe3 Nh4 33. Nd1 Ba6 34. Nb2 Rc8 35.
Bd3 Nd7 36. Kf2 f6 37. Ne2 g5 38. Nd4 Ng6 39. fxg5 Nde5 40. gxf6 Nxd3+ 41. Nxd3
Rxc4 42. Nc1 Rc3 43. Bd2 Rc4 44. Ncb3 Ne5 45. Ke3 Kf7 46. Na5 Rc5 47. Bxb4 Rxa5
48. Bxa5 Nc4+ 49. Kf4 Nxa5 50. Nf5 Nc4 51. Nxh6+ Kxf6 52. g5+ Kg6 53. Nf5 Kh5
54. Ng3+ Kg6 55. h4 Bc8 56. h5+ Kf7 57. Nf5 Bd7 58. g6+ Kg8 59. h6 Ne5 60. Ne7+
Kf8 61. g7+ 1-0

[Event "10th Chennai Open 2018"]
[Site "Chennai IND"]
[Date "2018.01.20"]
[Round "4.8"]
[White "Deshmukh, Anup"]
[Black "Deepan, Chakkravarthy J."]
[Result "0-1"]
[WhiteTitle "IM"]
[BlackTitle "GM"]
[WhiteElo "2285"]
[BlackElo "2475"]
[WhiteFideId "5000564"]
[BlackFideId "5011132"]
[EventDate "2018.01.18"]

1. e4 e5 2. Nf3 Nc6 3. Bb5 a6 4. Ba4 Nf6 5. O-O Be7 6. Re1 b5 7. Bb3 d6 8. c3
O-O 9. h3 Na5 10. Bc2 c5 11. d3 Re8 12. Nbd2 Bf8 13. Nf1 Bb7 14. Ng3 g6 15. Bd2
Bg7 16. Qc1 d5 17. Bh6 Bh8 18. Qg5 c4 19. Rad1 cxd3 20. Bxd3 Nxe4 21. Bxe4 Qxg5
22. Nxg5 dxe4 23. Rd7 f6 24. N5xe4 Bc6 25. Rd6 f5 26. Nf6+ Bxf6 27. Rxf6 Bd5 28.
Rd6 Bf7 29. b3 Nb7 30. Rb6 Nc5 31. Rd1 Re6 32. Rdd6 Rxd6 33. Rxd6 Rc8 34. Ne2 f4
35. f3 a5 36. Bg5 a4 37. b4 Ne6 38. Bf6 Nc7 39. Rc6 Bxa2 40. Nc1 Bd5 41. Rc5 Be6
42. Bxe5 Nd5 43. Rxb5 Nxc3 44. Ra5 a3 45. Rc5 Nb5 46. Rxc8+ Bxc8 47. Kf2 Kf7 48.
Ke1 Ke6 49. Ba1 Kd5 50. Kd2 Bf5 51. Ne2 Kc4 52. Nxf4 Nd4 53. Kd1 Nb3 54. Bf6 a2
55. Bb2 Bd7 56. h4 a1=Q+ 57. Bxa1 Nxa1 58. Kd2 Kd4 59. Ne2+ Kc4 60. Nf4 Bc6 61.
Ke3 Nc2+ 62. Kf2 Nxb4 63. Kg3 Nd3 64. Ne6 h5 65. Nf8 Be8 66. Nh7 Kd4 67. Nf6 Bc6
68. Nh7 Ke5 69. Ng5 Kf6 70. Nh3 Nc5 71. Kf2 Bd7 72. Nf4 Bf5 73. Ke3 Ne6 74. Nd5+
Ke5 75. Ne7 Nf8 76. Nc6+ Kd6 77. Nd4 Ne6 78. Ne2 Ke5 79. g3 Nc7 80. Nc3 Bd7 81.
Ne4 Nd5+ 82. Kf2 Bf5 83. Ng5 Kf6 84. Nh7+ Kg7 85. Ng5 Nc7 86. g4 hxg4 87. fxg4
Bxg4 88. Kg3 Bd1 89. Kf4 Nd5+ 90. Ke5 Ne3 91. Ne6+ Kh6 92. Nf4 Nf5 93. Kf6 Nxh4
94. Ne6 Nf3 0-1

[Event "10th Chennai Open 2018"]
[Site "Chennai IND"]
[Date "2018.01.20"]
[Round "4.9"]
[White "Rozum, Ivan"]
[Black "Dixit, Nikhil"]
[Result "1-0"]
[WhiteTitle "GM"]
[WhiteElo "2595"]
[BlackElo "2139"]
[WhiteFideId "24104272"]
[BlackFideId "5059534"]
[EventDate "2018.01.18"]

1. d4 Nf6 2. c4 g6 3. g3 Bg7 4. Bg2 O-O 5. Nc3 d6 6. Nf3 Nbd7 7. O-O e5 8. b3
exd4 9. Nxd4 a6 10. Bb2 Rb8 11. e3 Ne5 12. h3 Bd7 13. Rc1 Qc8 14. Kh2 c5 15.
Nde2 Bc6 16. Nf4 Bxg2 17. Kxg2 b5 18. Qxd6 Qb7+ 19. Ncd5 Nxc4 20. bxc4 Nxd5 21.
Qxd5 Bxb2 22. Rc2 Bg7 23. cxb5 Qxd5+ 24. Nxd5 Rxb5 25. a4 Rb2 26. Rxc5 Rd8 27.
Rd1 Bf8 28. Rc6 Ra8 29. Nf6+ Kg7 30. Rd7 Bb4 31. Ng4 Be1 32. Kf1 Rb1 33. Ke2 Ba5
34. Ne5 Rf8 35. Rxa6 Bc3 36. Nd3 Bf6 37. h4 h5 38. Nf4 Rc8 39. Raa7 Rb2+ 40. Kf3 1-0

[Event "10th Chennai Open 2018"]
[Site "Chennai IND"]
[Date "2018.01.20"]
[Round "4.10"]
[White "Solodovnichenko, Yuri"]
[Black "Harikrishnan, A. Ra"]
[Result "1-0"]
[WhiteTitle "GM"]
[WhiteElo "2571"]
[BlackElo "2222"]
[WhiteFideId "14104369"]
[BlackFideId "5081483"]
[EventDate "2018.01.18"]

1. e4 e6 2. d4 d5 3. Nc3 Nf6 4. e5 Nfd7 5. f4 c5 6. Nf3 Nc6 7. Be3 a6 8. Qd2 b5
9. a3 Qb6 10. Ne2 a5 11. f5 cxd4 12. Nexd4 Nxd4 13. Bxd4 Bc5 14. fxe6 fxe6 15.
c3 O-O 16. Bd3 Ba6 17. b4 Bxd4 18. cxd4 Bb7 19. Ke2 Kh8 20. bxa5 Rxa5 21. Rhb1
Rfa8 22. Qb4 Qd8 23. Kf2 Nf8 24. Bxb5 Ba6 25. Bc6 Rc8 26. Qb6 Bd3 27. Qxd8 Rxd8
28. Rb6 h6 29. Nd2 Ng6 30. Nb3 Ra7 31. Nc5 Rf7+ 32. Ke3 Bf5 33. Rf1 Rc7 34. a4
Ne7 35. Bb5 Rdc8 36. a5 Rxc5 37. dxc5 Rxc5 38. a6 Rc3+ 39. Kd4 Ra3 40. Rb7 1-0

[Event "10th Chennai Open 2018"]
[Site "Chennai IND"]
[Date "2018.01.20"]
[Round "4.11"]
[White "Pruijssers, Roeland"]
[Black "Mithil, Ajgaonkar"]
[Result "1-0"]
[WhiteTitle "GM"]
[WhiteElo "2536"]
[BlackElo "2219"]
[WhiteFideId "1013068"]
[BlackFideId "5017343"]
[EventDate "2018.01.18"]

1. e4 c6 2. d4 d5 3. e5 c5 4. dxc5 Nc6 5. Nf3 Bg4 6. c3 e6 7. Be3 Bxf3 8. Qxf3
Nxe5 9. Bb5+ Nc6 10. O-O Nf6 11. Rd1 Be7 12. c4 O-O 13. cxd5 exd5 14. Nc3 Qa5
15. a3 d4 16. b4 Qc7 17. Bf4 Qd7 18. Ne2 Rfd8 19. Bxc6 Qxc6 20. Qxc6 bxc6 21.
Nxd4 Rac8 22. Nf5 Bf8 23. Bd6 g6 24. Ne7+ Bxe7 25. Bxe7 Rxd1+ 26. Rxd1 Nd5 27.
Bd6 f5 28. h3 Kf7 29. g4 Ke6 30. Re1+ Kd7 31. gxf5 gxf5 32. Re5 Rg8+ 33. Kh2 f4
34. Rh5 Rg7 35. Rh6 Kc8 36. Be5 Re7 37. Bd4 Kb7 38. Kg2 a5 39. bxa5 Re4 40. Bb2
Re2 41. Bg7 Re7 42. Ba1 Re1 43. Bh8 Re8 44. Rxh7+ Ka6 45. h4 Kxa5 46. h5 Kb5 47.
h6 Kc4 48. Bg7 Kd3 49. Rh8 Re6 50. Kf3 Re1 51. Rd8 Rh1 52. Rxd5+ cxd5 53. c6 d4
54. c7 Rc1 55. Be5 Rc3 56. h7 Kc2+ 57. Ke4 Rc4 58. Bxd4 1-0

[Event "10th Chennai Open 2018"]
[Site "Chennai IND"]
[Date "2018.01.20"]
[Round "4.12"]
[White "Khusenkhojaev, Muhammad"]
[Black "Tiwari, Arjun"]
[Result "1/2-1/2"]
[WhiteTitle "IM"]
[WhiteElo "2462"]
[BlackElo "2179"]
[WhiteFideId "14700247"]
[BlackFideId "5011337"]
[EventDate "2018.01.18"]

1. d4 Nf6 2. c4 g6 3. Nc3 Bg7 4. e4 d6 5. Be2 O-O 6. Bg5 Nbd7 7. Qd2 e5 8. d5
Nc5 9. f3 h6 10. Be3 a5 11. Bd1 Nfd7 12. Bc2 f5 13. exf5 gxf5 14. g3 f4 15. Bf2
a4 16. O-O-O e4 17. Nxe4 a3 18. b3 Nxe4 19. Bxe4 Nc5 20. Bc2 Bf5 21. Bd4 Nd3+
22. Bxd3 Bxd4 23. Kc2 Bg7 24. Ne2 Qf6 25. Bxf5 Qxf5+ 26. Qd3 Qf6 27. Nc3 Rae8
28. Rde1 Rxe1 29. Rxe1 fxg3 30. hxg3 Qxc3+ 31. Qxc3 Bxc3 32. Kxc3 Rxf3+ 33. Kb4
Rxg3 34. Kxa3 h5 35. Rh1 Rg5 36. Kb4 Kg7 37. a4 Kg6 38. a5 Rg3 39. Ka4 Kg5 40.
b4 Rc3 41. Rg1+ Kf6 42. Rf1+ Kg6 43. Rg1+ Kf6 44. Rf1+ Kg6 45. Rg1+ 1/2-1/2

[Event "10th Chennai Open 2018"]
[Site "Chennai IND"]
[Date "2018.01.20"]
[Round "4.13"]
[White "Shetty, Rahul"]
[Black "Czebe, Attila"]
[Result "1/2-1/2"]
[WhiteTitle "IM"]
[BlackTitle "GM"]
[WhiteElo "2163"]
[BlackElo "2458"]
[WhiteFideId "5000513"]
[BlackFideId "705268"]
[EventDate "2018.01.18"]

1. e4 g6 2. d4 d6 3. Be3 Nd7 4. Ne2 Bg7 5. c4 e5 6. Nbc3 Ne7 7. Qd2 O-O 8. Bh6
Bxh6 9. Qxh6 f5 10. f3 fxe4 11. Nxe4 Nf5 12. Qd2 Nf6 13. Nxf6+ Qxf6 14. O-O-O
Bd7 15. dxe5 Qxe5 16. Qd5+ Qxd5 17. cxd5 Ne3 18. Rd2 a6 19. Nc3 Bf5 20. g3 Rae8
21. Be2 Bh3 22. f4 b5 23. a3 Kg7 24. Bf3 g5 25. Bh5 Re7 26. fxg5 Rf5 27. Rg1
Rxg5 28. Bd1 Rge5 29. Bb3 Bd7 30. Re1 Bg4 31. Rd4 Bd7 32. a4 Ng4 33. Rxe5 dxe5
34. Re4 Nxh2 35. axb5 axb5 36. Bd1 Bf5 37. Re2 Nf3 38. Nxb5 Ng5 39. Re3 Be4 40.
Bb3 Rf7 41. Nc3 Rf1+ 42. Bd1 Bf3 43. Rxe5 Kf6 44. Re3 Kf5 45. Re7 Kf6 46. Rxc7
Ne4 47. Nxe4+ Bxe4 48. Kd2 Bxd5 49. Rxh7 Rg1 50. g4 Be6 51. Rh6+ Ke5 52. b4 Rg2+
53. Kc3 Rg3+ 54. Kd2 Bc4 55. Rh8 Rd3+ 56. Kc2 Rg3 57. Rd8 Bb3+ 58. Kb2 Bc4 59.
Rd2 Bd3 60. Rf2 Rg1 61. Be2 Bxe2 62. Rxe2+ Kd5 63. Rc2 Rxg4 64. Kb3 Rg8 65. b5
Rg4 66. Rc3 Kd6 67. b6 Kd7 68. Ka3 Rh4 69. Rc7+ Kd8 70. Rc5 Kd7 71. Rc7+ Kd8 1/2-1/2

[Event "10th Chennai Open 2018"]
[Site "Chennai IND"]
[Date "2018.01.20"]
[Round "4.14"]
[White "Visakh, N R"]
[Black "Bharat, Kumar Reddy Poluri"]
[Result "1-0"]
[WhiteTitle "IM"]
[WhiteElo "2457"]
[BlackElo "2170"]
[WhiteFideId "25012223"]
[BlackFideId "46600353"]
[EventDate "2018.01.18"]

1. d4 e6 2. c4 Nf6 3. Nf3 d5 4. Nc3 Be7 5. Bf4 O-O 6. e3 b6 7. Rc1 Bb7 8. cxd5
exd5 9. Bd3 Nbd7 10. Qa4 a6 11. O-O c5 12. Qc2 c4 13. Bf5 b5 14. Ne5 Nb6 15. Ne2
g6 16. Bh3 Bc8 17. Bxc8 Rxc8 18. Ng3 Re8 19. Bh6 Bd6 20. f4 Nfd7 21. Rf3 Bf8 22.
Bxf8 Nxf8 23. f5 f6 24. Ng4 g5 25. Nh5 Nfd7 26. h4 Re4 27. Rg3 Kh8 28. hxg5 fxg5
29. Rf1 Qf8 30. f6 Qf7 31. Ng7 Rc6 32. Nf5 Nc8 33. Rh3 Qg6 34. Ng3 Nd6 35. Nxe4
Nxe4 36. f7 Rc8 37. Rh6 Qg7 38. Re6 Rf8 39. Re8 h5 40. Ne5 1-0

[Event "10th Chennai Open 2018"]
[Site "Chennai IND"]
[Date "2018.01.20"]
[Round "4.15"]
[White "Phoobalan, P."]
[Black "Dzhumaev, Marat"]
[Result "0-1"]
[BlackTitle "GM"]
[WhiteElo "2158"]
[BlackElo "2434"]
[WhiteFideId "5011191"]
[BlackFideId "14200236"]
[EventDate "2018.01.18"]

1. d4 f5 2. c4 Nf6 3. g3 g6 4. Bg2 Bg7 5. Nh3 Nc6 6. O-O O-O 7. d5 Ne5 8. Qc2 c6
9. b3 Qc7 10. dxc6 dxc6 11. Nc3 Bd7 12. Ba3 Rae8 13. Rad1 Bc8 14. Bc1 h6 15. f4
Neg4 16. e4 e5 17. Kh1 Nh5 18. exf5 Bxf5 19. Be4 exf4 20. Bxf5 Rxf5 21. Nxf4
Nxf4 22. Bxf4 Qf7 23. Rfe1 Rxe1+ 24. Rxe1 Rh5 25. Re2 g5 26. Ne4 gxf4 27. Nd6
Qf6 0-1

[Event "10th Chennai Open 2018"]
[Site "Chennai IND"]
[Date "2018.01.20"]
[Round "4.16"]
[White "Kushagra, Mohan"]
[Black "Nitin, S."]
[Result "1/2-1/2"]
[WhiteTitle "CM"]
[BlackTitle "IM"]
[WhiteElo "2150"]
[BlackElo "2422"]
[WhiteFideId "25033638"]
[BlackFideId "5018277"]
[EventDate "2018.01.18"]

1. e4 g6 2. d4 Bg7 3. Nf3 d6 4. Bc4 a6 5. c3 Nf6 6. Qe2 O-O 7. O-O Nc6 8. e5 Ne8
9. Bf4 Bg4 10. Nbd2 d5 11. Bd3 f6 12. exf6 exf6 13. h3 Bc8 14. Rfe1 Nd6 15. Nf1
Nf7 16. Rad1 Bd7 17. Ne3 Ne7 18. c4 Bc6 19. b4 Nd6 20. c5 Ne4 21. Qc2 Qd7 22.
Rb1 Rae8 23. Bh2 Ba4 24. Qb2 Bb5 25. Bc2 f5 26. Ne5 Bxe5 27. Bxe5 Ba4 28. Bd3
Nc6 29. Bf4 g5 30. Bh2 f4 31. f3 Nf6 32. Nf5 Bb5 33. Bc2 Rxe1+ 34. Rxe1 Re8 35.
Qc3 Bc4 36. h4 gxh4 37. Bxf4 Nh5 38. Bg5 Ng3 39. Nxg3 hxg3 40. Bf6 Qf7 41. Rxe8+
Qxe8 42. f4 Kf7 43. Be5 Qg8 44. Qf3 Ke7 45. Qh5 Nxe5 46. Qh4+ Kd7 47. Bf5+ Ke8
48. dxe5 d4 49. Bxh7 Qg7 50. Qh5+ 1/2-1/2

[Event "10th Chennai Open 2018"]
[Site "Chennai IND"]
[Date "2018.01.20"]
[Round "4.17"]
[White "Balasubramaniam, H"]
[Black "Arjun, Kalyan"]
[Result "0-1"]
[WhiteElo "2147"]
[BlackElo "2407"]
[WhiteFideId "35053248"]
[BlackFideId "35018701"]
[EventDate "2018.01.18"]

1. b3 d5 2. Bb2 Bg4 3. d3 Nd7 4. Nd2 e5 5. g3 Ngf6 6. Bg2 c6 7. h3 Bh5 8. a3 Bd6
9. g4 Bg6 10. e4 dxe4 11. dxe4 Qc7 12. Nc4 Bc5 13. Qe2 b5 14. Nd2 Nf8 15. O-O-O
Ne6 16. Qe1 Qb6 17. Bxe5 Bxf2 18. Qe2 Nd7 19. Bb2 O-O-O 20. a4 Bd4 21. Ngf3
Bxb2+ 22. Kxb2 Nf4 23. Qf1 Qc5 24. Nh4 Nxg2 25. Nxg2 bxa4 26. Qa6+ Kb8 27. bxa4
Nb6 28. Nb3 Qb4 29. Ne3 Bxe4 30. Rb1 Bxh1 31. Ka2 Bd5 32. c4 Bxc4 33. Nxc4 Qxc4
34. Qxc4 Nxc4 35. Na5+ Nb6 36. Nxc6+ Kc7 37. Nxd8 Rxd8 38. a5 Nd5 39. a6 Rb8 0-1

[Event "10th Chennai Open 2018"]
[Site "Chennai IND"]
[Date "2018.01.20"]
[Round "4.18"]
[White "Erigaisi, Arjun"]
[Black "Sahil, Tickoo"]
[Result "1/2-1/2"]
[WhiteTitle "FM"]
[WhiteElo "2386"]
[BlackElo "2161"]
[WhiteFideId "35009192"]
[BlackFideId "5019710"]
[EventDate "2018.01.18"]

1. d4 Nf6 2. Bg5 d5 3. Bxf6 exf6 4. e3 Bd6 5. c4 dxc4 6. Bxc4 O-O 7. Nc3 f5 8.
Nf3 Nd7 9. Qc2 Nf6 10. h3 Qe7 11. g4 g6 12. gxf5 Bxf5 13. Bd3 Bxd3 14. Qxd3 Rfe8
15. O-O-O Ne4 16. Qxe4 Qxe4 17. Nxe4 Rxe4 18. Kd2 Re7 19. Rc1 c6 20. Kd3 f5 21.
h4 h6 22. Nd2 Rd8 23. Nc4 Bc7 24. b4 f4 25. a4 a6 26. Nd2 fxe3 27. fxe3 Rde8 28.
Rh3 Bd6 29. b5 cxb5 30. axb5 axb5 31. Rb1 g5 32. hxg5 hxg5 33. Rxb5 g4 34. Rg5+
Rg7 35. Rxg7+ Kxg7 36. Rh4 g3 37. Rg4+ Kh8 38. Ne4 Rg8 39. Rh4+ Kg7 40. Rh1 Bb8
41. Ke2 g2 42. Rg1 Kf7 43. Kf3 b5 44. Rxg2 Rxg2 45. Kxg2 Ke6 46. Kf3 Kd5 47. Nd2
Ba7 48. Nb3 Bb6 1/2-1/2

[Event "10th Chennai Open 2018"]
[Site "Chennai IND"]
[Date "2018.01.20"]
[Round "4.19"]
[White "Hari, Madhavan N B"]
[Black "Rathnakaran, K."]
[Result "0-1"]
[BlackTitle "IM"]
[WhiteElo "2112"]
[BlackElo "2372"]
[WhiteFideId "25054309"]
[BlackFideId "5005507"]
[EventDate "2018.01.18"]

1. d4 g6 2. Nf3 Bg7 3. g3 d6 4. Bg2 Nd7 5. O-O e5 6. e4 Ne7 7. dxe5 dxe5 8. Nc3
O-O 9. b3 Nc6 10. Bg5 f6 11. Be3 Rf7 12. Nd5 Nf8 13. Qc1 Bg4 14. h3 Bxf3 15.
Bxf3 Nd4 16. Bxd4 exd4 17. c3 f5 18. cxd4 Bxd4 19. Rb1 Ne6 20. Nf4 Nxf4 21. Qxf4
fxe4 22. Qxe4 Qf6 23. Bg4 Kg7 24. Qe6 Qg5 25. h4 Qd2 26. Rbd1 Qc3 27. Kg2 Raf8
28. f4 c5 29. Qc4 Qa5 30. b4 Qa4 31. Qb3 Qxb3 32. axb3 b6 33. b5 Re7 34. Rfe1
Rfe8 35. Kf1 Re3 36. h5 Kf6 37. Re2 g5 38. Rde1 gxf4 39. gxf4 Rg8 40. Rxe3 Bxe3
41. Bf3 Bxf4 42. Re4 Be5 43. Ra4 Rg7 44. Rg4 Rd7 45. Ke2 Bc3 46. Ke3 Bd2+ 47.
Ke2 Bg5 48. Ke1 Rd3 49. Bd1 Rh3 50. Ra4 Rh1+ 51. Ke2 Rxh5 52. Rxa7 Ke5 53. Rb7
Rh6 54. Bc2 Rh2+ 55. Kd3 h5 56. Rxb6 Rh3+ 57. Ke2 Re3+ 58. Kf2 Rc3 59. Bd1 h4
60. Rg6 Kf5 61. Rg8 Rg3 62. Rf8+ Ke4 63. Bf3+ Kd3 64. Be2+ Kd2 65. Rf3 Be3+ 66.
Rxe3 Rxe3 67. Bc4 Rg3 68. Bf7 Rg5 69. Be8 Rg8 70. Bc6 Rb8 0-1

[Event "10th Chennai Open 2018"]
[Site "Chennai IND"]
[Date "2018.01.20"]
[Round "4.20"]
[White "Hegde, Ravi Gopal"]
[Black "Roy Chowdhury, Saptarshi"]
[Result "1-0"]
[WhiteTitle "IM"]
[BlackTitle "GM"]
[WhiteElo "2105"]
[BlackElo "2318"]
[WhiteFideId "5000254"]
[BlackFideId "5002974"]
[EventDate "2018.01.18"]

1. Nf3 c5 2. g3 Nc6 3. Bg2 g6 4. O-O Bg7 5. c4 d6 6. Nc3 Bd7 7. b3 Nh6 8. Bb2
Nf5 9. Qc1 O-O 10. Re1 Rb8 11. e3 e5 12. d3 Nfe7 13. a3 f5 14. Nd2 Be6 15. Qc2
Bf7 16. f4 h6 17. Nd5 g5 18. Re2 Nxd5 19. cxd5 Ne7 20. fxe5 dxe5 21. Nc4 Bxd5
22. e4 fxe4 23. Bxe4 Nc6 24. Rae1 Rc8 25. Nxe5 Bxe5 26. Bxe5 Nd4 27. Bxd4 cxd4
28. Qb2 Rc3 29. b4 Bxe4 30. Rxe4 Qd5 31. Qe2 Rxa3 32. Re8 Qf7 33. Rxf8+ Qxf8 34.
Qe4 Ra6 35. Qd5+ Kh8 36. Qd7 Rd6 37. Qxb7 Rd8 38. Qe4 Qd6 39. Rc1 Qf8 40. Rc7 1-0

[Event "10th Chennai Open 2018"]
[Site "Chennai IND"]
[Date "2018.01.21"]
[Round "5.1"]
[White "Deepan, Chakkravarthy J."]
[Black "Gareyev, Timur"]
[Result "1-0"]
[WhiteTitle "GM"]
[BlackTitle "GM"]
[WhiteElo "2475"]
[BlackElo "2605"]
[WhiteFideId "5011132"]
[BlackFideId "14200937"]
[EventDate "2018.01.18"]

1. e4 c5 2. Nf3 d6 3. d4 cxd4 4. Nxd4 Nf6 5. Nc3 g6 6. Be3 Bg7 7. f3 Nc6 8. Qd2
O-O 9. g4 e6 10. O-O-O d5 11. h4 h5 12. Nxc6 bxc6 13. e5 Nd7 14. gxh5 Nxe5 15.
hxg6 fxg6 16. h5 Nxf3 17. Qg2 Nh4 18. Qg4 Nf5 19. Bd2 Rb8 20. hxg6 Rf6 21. Bd3
Ba6 22. Bxa6 Qb6 23. b3 Qxa6 24. Rh7 Ne7 25. Bh6 Qa3+ 26. Kb1 Bxh6 27. Rxh6 Nf5
28. Rh7 Qb4 29. Qh5 Kf8 30. Qg5 1-0

[Event "10th Chennai Open 2018"]
[Site "Chennai IND"]
[Date "2018.01.21"]
[Round "5.2"]
[White "Laxman, R.R."]
[Black "Tukhaev, Adam"]
[Result "1/2-1/2"]
[WhiteTitle "GM"]
[BlackTitle "GM"]
[WhiteElo "2434"]
[BlackElo "2570"]
[WhiteFideId "5005361"]
[BlackFideId "14109476"]
[EventDate "2018.01.18"]

1. d4 Nf6 2. c4 g6 3. Nc3 Bg7 4. Nf3 O-O 5. Bg5 d6 6. e3 h6 7. Bh4 c5 8. Be2
cxd4 9. Nxd4 Nc6 10. O-O Bd7 11. Rc1 Rc8 12. Nxc6 bxc6 13. c5 d5 14. b4 e5 15.
Bxf6 Bxf6 16. e4 a5 17. a3 axb4 18. axb4 Rb8 19. Rb1 dxe4 20. Nxe4 Bf5 21. Bf3
Be7 22. Qa4 Qc7 23. Rbd1 Qb7 24. Qa1 Bxe4 25. Bxe4 Qxb4 26. Qxe5 Qxc5 27. Qxc5
Bxc5 28. Bxc6 Rb2 29. Rd7 Rfb8 30. Rdd1 R8b4 31. Rc1 Bb6 32. g3 Rd2 33. Rc3 Kg7
34. Kg2 f5 35. h3 h5 36. Be8 Re2 37. Bd7 Kf6 38. h4 Ke7 39. Bc6 f4 40. Kf3 Re6
41. gxf4 Kf6 1/2-1/2

[Event "10th Chennai Open 2018"]
[Site "Chennai IND"]
[Date "2018.01.21"]
[Round "5.3"]
[White "Llaneza Vega, Marcos"]
[Black "Karthik, Venkataraman"]
[Result "0-1"]
[WhiteTitle "IM"]
[BlackTitle "FM"]
[WhiteElo "2421"]
[BlackElo "2476"]
[WhiteFideId "2253585"]
[BlackFideId "25006479"]
[EventDate "2018.01.18"]

1. g3 d5 2. Bg2 Nc6 3. Nf3 e5 4. O-O e4 5. Ne1 f5 6. d3 Be6 7. Nd2 Nf6 8. Nb3 h6
9. c3 Bd6 10. Be3 Qe7 11. Nd4 Nxd4 12. Bxd4 O-O 13. Bxf6 Qxf6 14. e3 c6 15. f3
Qg6 16. f4 h5 17. Kf2 h4 18. Nc2 Qh6 19. Rg1 Rad8 20. Nd4 Bd7 21. Qb3 Kh8 22.
dxe4 fxe4 23. Ke1 g5 24. Ne2 Bg4 25. Kd2 gxf4 26. gxf4 Bxf4 27. Nxf4 Rxf4 28.
Raf1 Rxf1 29. Bxf1 d4 30. cxd4 Rxd4+ 31. Kc1 Rd3 32. Bxd3 Qxe3+ 33. Kc2 exd3+
34. Qxd3 Qxg1 35. Qd8+ Kg7 36. Qe7+ Kg6 37. Qe8+ Kf5 0-1

[Event "10th Chennai Open 2018"]
[Site "Chennai IND"]
[Date "2018.01.21"]
[Round "5.4"]
[White "Tiviakov, Sergei"]
[Black "Hafiz, Arif Abdul"]
[Result "1-0"]
[WhiteTitle "GM"]
[BlackTitle "FM"]
[WhiteElo "2584"]
[BlackElo "2324"]
[WhiteFideId "1008013"]
[BlackFideId "7104227"]
[EventDate "2018.01.18"]

1. e4 e5 2. Bc4 Nf6 3. d3 Bc5 4. Nf3 O-O 5. Bg5 d6 6. Nc3 h6 7. Bh4 c6 8. h3 Be6
9. Bb3 Nbd7 10. O-O Bxb3 11. axb3 b5 12. d4 Bb6 13. dxe5 dxe5 14. Bxf6 Nxf6 15.
Nxe5 Qe8 16. Nd3 Nxe4 17. Nxe4 Qxe4 18. Re1 Qf5 19. Qg4 Qxg4 20. hxg4 f5 21.
gxf5 Rxf5 22. Re6 Rc8 23. Rae1 Rcf8 24. R1e2 R8f6 25. Re8+ Rf8 26. R8e4 h5 27.
g3 R8f6 28. Kg2 Kh7 29. Re6 g5 30. Re7+ Kh6 31. Re8 h4 32. gxh4 gxh4 33. Rh8+
Kg5 34. f4+ Rxf4 35. Nxf4 Rxf4 36. Rg8+ Kh5 37. Re5+ Kh6 38. Re6+ Kh7 39. Rb8
Rf7 40. Rxc6 Kg7 41. Kh3 Rd7 42. Kxh4 Bd8+ 43. Kg4 Bf6 44. c3 Rd2 45. Rxb5 Rxb2
46. Rb7+ Kg6 47. Rxa7 Rxb3 48. Raa6 Kg7 49. Rxf6 Rxc3 50. Rfc6 1-0

[Event "10th Chennai Open 2018"]
[Site "Chennai IND"]
[Date "2018.01.21"]
[Round "5.5"]
[White "Arjun, Kalyan"]
[Black "Rozum, Ivan"]
[Result "1/2-1/2"]
[BlackTitle "GM"]
[WhiteElo "2407"]
[BlackElo "2595"]
[WhiteFideId "35018701"]
[BlackFideId "24104272"]
[EventDate "2018.01.18"]

1. e4 c6 2. d4 d5 3. Nd2 dxe4 4. Nxe4 h6 5. c3 Bf5 6. Bd3 e6 7. Nf3 Nf6 8. Nfd2
Nxe4 9. Bxe4 Bxe4 10. Nxe4 Nd7 11. Qf3 Nf6 12. Nxf6+ Qxf6 13. Qxf6 gxf6 14. Be3
Bd6 15. Ke2 h5 16. h3 Kd7 17. g4 Rag8 18. Kf3 Rh7 19. c4 hxg4+ 20. hxg4 Rhg7 21.
Rag1 f5 22. g5 Be7 23. Rh5 f6 24. g6 Rxg6 25. Rxg6 Rxg6 26. Rh7 Rg4 27. b3 b6
28. Bf4 Rg8 29. b4 e5 30. dxe5 fxe5 31. Bxe5 Ke6 32. Bf4 Rg1 33. Rh6+ Kd7 34.
Rh7 Ke6 35. Rh6+ 1/2-1/2